<?xml version="1.0" encoding="UTF-8"?>
<record
    xmlns:xsi="http://www.w3.org/2001/XMLSchema-instance"
    xsi:schemaLocation="http://www.loc.gov/MARC21/slim http://www.loc.gov/standards/marcxml/schema/MARC21slim.xsd"
    xmlns="http://www.loc.gov/MARC21/slim">

  <leader>02634njm a2200469Ia 4500</leader>
  <controlfield tag="001">20270</controlfield>
  <controlfield tag="003">IT-RoPAU</controlfield>
  <controlfield tag="005">20220918181215.0</controlfield>
  <controlfield tag="008">131025s9999    xx            000 0 und d</controlfield>
  <datafield tag="040" ind1=" " ind2=" ">
    <subfield code="a">IT-RoPAU</subfield>
  </datafield>
  <datafield tag="040" ind1=" " ind2=" ">
    <subfield code="c">IT-RoPAU</subfield>
  </datafield>
  <datafield tag="041" ind1=" " ind2=" ">
    <subfield code="a">INGLESE</subfield>
  </datafield>
  <datafield tag="999" ind1=" " ind2=" ">
    <subfield code="c">103940</subfield>
    <subfield code="d">103940</subfield>
  </datafield>
  <datafield tag="999" ind1=" " ind2=" ">
    <subfield code="b">n.d.</subfield>
  </datafield>
  <datafield tag="100" ind1=" " ind2=" ">
    <subfield code="a">AA.VV.</subfield>
    <subfield code="9">794</subfield>
  </datafield>
  <datafield tag="100" ind1=" " ind2=" ">
    <subfield code="e">Autore musica</subfield>
    <subfield code="9">1171</subfield>
  </datafield>
  <datafield tag="100" ind1=" " ind2=" ">
    <subfield code="g">Codice autore musica SPICS: 12000</subfield>
    <subfield code="9">796</subfield>
  </datafield>
  <datafield tag="245" ind1=" " ind2=" ">
    <subfield code="a">Joan (Lp Sval 33.009)</subfield>
  </datafield>
  <datafield tag="250" ind1=" " ind2=" ">
    <subfield code="a">1a ed.</subfield>
  </datafield>
  <datafield tag="260" ind1=" " ind2=" ">
    <subfield code="a">NEW YORK</subfield>
  </datafield>
  <datafield tag="260" ind1=" " ind2=" ">
    <subfield code="b">VANGUARD</subfield>
    <subfield code="c">1969 [1a Ed.:1968 - Ed. Lingua Orig.: 1968]</subfield>
  </datafield>
  <datafield tag="300" ind1=" " ind2=" ">
    <subfield code="a">DISCO</subfield>
  </datafield>
  <datafield tag="300" ind1=" " ind2=" ">
    <subfield code="c">46 minuti (Testo:  pag.)</subfield>
  </datafield>
  <datafield tag="500" ind1=" " ind2=" ">
    <subfield code="a">Canzoni inglesi, arrangiamento. Cantautori, pop americano. Bambini. Oscurit&#xE0;.</subfield>
  </datafield>
  <datafield tag="505" ind1=" " ind2=" ">
    <subfield code="a">Be Not Too Hard (3:00) - Eleanor Rigby (3:00) - Turquoise (4:00) - La colombe [(The Dove) (6:00)] - Dangling Conversation (3:00) - The Lady Came From Baltimore (3:00) - North (3:00) - Children of Darkness (4:00) - If You Where a Carpenter (3:00) - Annabel Lee (5:00) - Saigon Bride (4:00) - The Greenwood Side (8:00)</subfield>
  </datafield>
  <datafield tag="511" ind1=" " ind2=" ">
    <subfield code="a">Romoff Richard: Bass - Rogers Alvin: Drums</subfield>
  </datafield>
  <datafield tag="511" ind1=" " ind2=" ">
    <subfield code="a">Schickele Peter</subfield>
  </datafield>
  <datafield tag="650" ind1=" " ind2=" ">
    <subfield code="a">POP AMERICANO [DISCHI]</subfield>
    <subfield code="e">Codice MATERIA SPICS: 9950</subfield>
    <subfield code="9">1026</subfield>
  </datafield>
  <datafield tag="700" ind1=" " ind2=" ">
    <subfield code="a">Baez Joan</subfield>
    <subfield code="g">Codice interprete SPICS: 9679</subfield>
    <subfield code="e">Interprete</subfield>
    <subfield code="9">1172</subfield>
  </datafield>
  <datafield tag="700" ind1=" " ind2=" ">
    <subfield code="a">Donovan Leitch Phili</subfield>
    <subfield code="g">Codice autore musica SPICS: 10870</subfield>
    <subfield code="e">Autore musica</subfield>
    <subfield code="p">Be Not Too Hard - Turquoise</subfield>
    <subfield code="9">1173</subfield>
  </datafield>
  <datafield tag="700" ind1=" " ind2=" ">
    <subfield code="a">Logue Christopher</subfield>
    <subfield code="g">Codice autore testo/musica SPICS: 18064</subfield>
    <subfield code="e">Autore testo/musica</subfield>
    <subfield code="p">Be Not Too Hard</subfield>
    <subfield code="9">1174</subfield>
  </datafield>
  <datafield tag="700" ind1=" " ind2=" ">
    <subfield code="a">Lennon John</subfield>
    <subfield code="g">Codice autore musica SPICS: 13133</subfield>
    <subfield code="e">Autore musica</subfield>
    <subfield code="p">Eleanor Rigby</subfield>
    <subfield code="9">1175</subfield>
  </datafield>
  <datafield tag="700" ind1=" " ind2=" ">
    <subfield code="a">McCartney Paul</subfield>
    <subfield code="g">Codice autore testo/musica SPICS: 8084</subfield>
    <subfield code="e">Autore testo/musica</subfield>
    <subfield code="p">Eleanor Rigby</subfield>
    <subfield code="9">1176</subfield>
  </datafield>
  <datafield tag="700" ind1=" " ind2=" ">
    <subfield code="a">Brel Jacques</subfield>
    <subfield code="g">Codice autore musica SPICS: 8281</subfield>
    <subfield code="e">Autore musica</subfield>
    <subfield code="p">La Colombe-The Dove (Tradotto in inglese da Clayre A.)</subfield>
    <subfield code="9">1177</subfield>
  </datafield>
  <datafield tag="700" ind1=" " ind2=" ">
    <subfield code="a">Simon Paul</subfield>
    <subfield code="g">Codice autore musica SPICS: 11156</subfield>
    <subfield code="e">Autore musica</subfield>
    <subfield code="p">Dangling Conversation</subfield>
    <subfield code="9">1178</subfield>
  </datafield>
  <datafield tag="700" ind1=" " ind2=" ">
    <subfield code="a">Hardin Tim</subfield>
    <subfield code="g">Codice autore musica SPICS: 18065</subfield>
    <subfield code="e">Autore musica</subfield>
    <subfield code="p">Lady Came From Baltimore - If You Where a Carpenter</subfield>
    <subfield code="9">1179</subfield>
  </datafield>
  <datafield tag="700" ind1=" " ind2=" ">
    <subfield code="a">Dusheck Nina</subfield>
    <subfield code="g">Codice Autore Musica SPICS: 18066</subfield>
    <subfield code="e">Autore musica</subfield>
    <subfield code="p">North - Saigon Bride</subfield>
    <subfield code="9">1180</subfield>
  </datafield>
  <datafield tag="700" ind1=" " ind2=" ">
    <subfield code="a">Farina Richard</subfield>
    <subfield code="g">Codice autore musica SPICS: 18067</subfield>
    <subfield code="e">Autore musica</subfield>
    <subfield code="p">Children of Darkness</subfield>
    <subfield code="9">1181</subfield>
  </datafield>
  <datafield tag="700" ind1=" " ind2=" ">
    <subfield code="a">Poe Allan Edgar</subfield>
    <subfield code="g">Codice autore testo SPICS: 2471</subfield>
    <subfield code="e">Autore testo</subfield>
    <subfield code="p">Annabel Lee</subfield>
    <subfield code="9">1182</subfield>
  </datafield>
  <datafield tag="700" ind1=" " ind2=" ">
    <subfield code="a">Dilworth Don</subfield>
    <subfield code="g">Codice autore SPICS: 18068</subfield>
    <subfield code="e">Autore</subfield>
    <subfield code="p">Annabel Lee</subfield>
    <subfield code="9">1183</subfield>
  </datafield>
  <datafield tag="700" ind1=" " ind2=" ">
    <subfield code="a">Anonimo</subfield>
    <subfield code="g">Codice autore musica SPICS: 2620</subfield>
    <subfield code="e">Autore musica</subfield>
    <subfield code="p">The Greenwood Side</subfield>
    <subfield code="9">1184</subfield>
  </datafield>
  <datafield tag="942" ind1=" " ind2=" ">
    <subfield code="c">MD</subfield>
    <subfield code="2">ddc</subfield>
  </datafield>
  <datafield tag="952" ind1=" " ind2=" ">
    <subfield code="0">0</subfield>
    <subfield code="1">0</subfield>
    <subfield code="4">0</subfield>
    <subfield code="6">20270_000000000000000</subfield>
    <subfield code="7">1</subfield>
    <subfield code="a">SPICS</subfield>
    <subfield code="b">SPICS</subfield>
    <subfield code="d">2013-10-25</subfield>
    <subfield code="l">0</subfield>
    <subfield code="o">20270</subfield>
    <subfield code="r">2013-10-25 00:00:00</subfield>
    <subfield code="w">2013-10-25</subfield>
    <subfield code="y">MD</subfield>
    <subfield code="z">Progr. Ins.: 3582 / N.Vol.: 1 / Copie: 1 - Copia rara: n.d. / date import: 01.01.2014 - By Epidotti, Trombetti, Vaglietti</subfield>
  </datafield>
</record>
